99 Names Of Allah - Statistics

General Stats
  • This quiz has been taken 68 times
    66 since last reset
  • The average score is 18 of 99
Answer Stats
Hint Answer % Correct
1 Ar-Rahman
97%
3 Al-Malik
90%
2 Ar-Raheem
72%
4 Al-Quddus
66%
9 Al-Jabbar
55%
5 As-Salam
52%
6 Al-Mumin
45%
8 Al-Aziz
41%
17 Ar-Razzaq
41%
10 Al-Mutakabbir
38%
18 Al-Fattah
34%
7 Al-Muhaymin
34%
14 Al-Ghaffar
31%
11 Al-Khaliq
31%
12 Al-Bari
28%
24 Al-Mu'izz
28%
13 Al-Musawwir
28%
67 Al-Ahad
24%
19 Al-Alim
24%
34 Al-Ghafoor
24%
46 Al-Hakeem
24%
74 Al-Akhir
21%
28 Al-Hakam
21%
15 Al-Qahhar
21%
35 Ash-Shakur
21%
68 As-Samad
21%
26 As-Sami
21%
85 Dhul-Jalaali-Wal-Ikram
21%
29 Al-Adl
17%
33 Al-Azeem
17%
21 Al-Basit
17%
32 Al-Haleem
17%
30 Al-Lateef
17%
44 Al-Mujeeb
17%
39 Al-Muqeet
17%
47 Al-Wadud
17%
16 Al-Wahhab
17%
66 Al-Wahid
17%
77 Al-Wali
17%
99 As-Sabur
17%
84 Malikul-Mulk
17%
73 Al-Awwal
14%
51 Al-Haqq
14%
40 Al-Haseeb
14%
42 Al-Karim
14%
90 Al-Mani
14%
61 Al-Mumeet
14%
70 Al-Muqtadir
14%
25 Al-Muzil
14%
52 Al-Wakeel
14%
93 An-Noor
14%
23 Ar-Rafi
14%
43 Ar-Raqib
14%
50 Ash-Shaheed
14%
36 Al-Aliyy
10%
95 Al-Badi
10%
27 Al-Baseer
10%
94 Al-Hadi
10%
62 Al-Hayy
10%
87 Al-Jami
10%
72 Al-Muakhkhir
10%
89 Al-Mughni
10%
59 Al-Muid
10%
71 Al-Muqaddim
10%
20 Al-Qabid
10%
55 Al-Waliy
10%
98 Ar-Rasheed
10%
83 Ar-Rauf
10%
96 Al-Baaqi
7%
49 Al-Ba'ith
7%
79 Al-Barr
7%
38 Al-Hafiz
7%
56 Al-Hameed
7%
37 Al-Kabeer
7%
31 Al-Khabir
7%
22 Al-Khafid
7%
48 Al-Majeed
7%
54 Al-Matin
7%
58 Al-Mubdi
7%
57 Al-Muhsi
7%
81 Al-Muntaqim
7%
86 Al-Muqsit
7%
69 Al-Qadir
7%
53 Al-Qawiyy
7%
63 Al-Qayyum
7%
45 Al-Wasi
7%
91 Ad-Darr
3%
82 Al-Afuw
3%
76 Al-Baatin
3%
88 Al-Ghaniy
3%
41 Al-Jaleel
3%
65 Al-Maajid
3%
60 Al-Muhyi
3%
78 Al-Mutaali
3%
64 Al-Wajid
3%
97 Al-Warith
3%
92 An-Naafi
3%
80 At-Tawwab
3%
75 Az-Zaahir
3%
No matching quizzes found
Score Distribution
Percent of People with Each Score
Percentile by Number Answered
Your Score History
You have not taken this quiz since the last reset